Normal view
MARC view
- Brigadier H S Sodhi
Entry Personal Name
001 - CONTROL NUMBER
- control field: 48755
003 - CONTROL NUMBER IDENTIFIER
- control field: NUST
005 - DATE AND TIME OF LATEST TRANSACTION
- control field: 20210314134127.0
008 - FIXED-LENGTH DATA ELEMENTS
- fixed length control field: 210314|| aca||aabn | a|a d
040 ## - CATALOGING SOURCE
- Original cataloging agency: NUST
- Transcribing agency: NUST
100 ## - HEADING--PERSONAL NAME
- Personal name: Brigadier H S Sodhi
670 ## - SOURCE DATA FOUND
- Source citation: Work cat.: (NUST): Brigadier H S Sodhi, Top Brass A Critical Appraisal of the Indian Military Leadership
